History Quiz

Random History or Clickable Quiz

'Six' Year Major Events by Six Word Clue Quiz Stats

 Plays Quiz Updated Aug 27, 2016

Challenge
Share
Tweet
Embed
Score 0/22 Timer 07:00
4 Plays Today
% Correct
2016
91.9%
1986
81.6%
1976
78.8%
1906
71.4%
1896
70%
1936
61.7%
1996
55.1%
1806
54.7%
1826
51.9%
2006
49.1%
1846
43.7%
% Correct
1836
41.9%
1876
39.9%
1886
38.4%
1966
36.7%
1916
35.5%
1956
34.6%
1926
28.2%
1816
25.8%
1866
24.8%
1946
22.1%
1856
16.7%

You're not logged in!

Compare scores with friends on all Sporcle quizzes.
Join for Free
OR
Log In

You Might Also Like...

Show Comments

Extras

Top Quizzes Today


Score Distribution

Your Account Isn't Verified!

In order to create a playlist on Sporcle, you need to verify the email address you used during registration. Go to your Sporcle Settings to finish the process.

Report this User

Report this user for behavior that violates our Community Guidelines.

Details: